000 00390cam a2200145ua 4500
041 _aeng
_h
082 _a330.1
_bKIN/WO
100 _aKing, Clarence .
245 _aWorking with people in small communities /
_cClarence King.
_hTextual Documents
260 _aNewyork :
_bHaeper and Brothers Publishers ,
_c1958.
300 _a130 ; .
504 _a
942 _cBK
999 _c2600
_d2600